Movies Quiz

Random Movies or Box Office Quiz

Highest-Grossing Documentaries Quiz Stats

 Plays Quiz Updated Oct 14, 2012

Score 0/20 Timer 05:00
0 Plays Today
Rank Documentary % Correct
10Bowling for Columbine
66.1%
1Fahrenheit 9/11
53.2%
8Sicko
45.7%
17Super Size Me
44.1%
2March of the Penguins
40%
9An Inconvenient Truth
36.4%
5Earth
23.7%
15Religulous
19.7%
14Capitalism: A Love Story
17.2%
19Hoop Dreams
12.1%
Rank Documentary % Correct
42016 Obama's America
7%
6Chimpanzee
6.9%
7Katy Perry: Part of Me
3.6%
16Winged Migration
3.1%
20Expelled: No Intelligence Allowed
2%
13Truth or Dare
1.6%
3Justin Bieber: Never Say Never
1.4%
18Mad Hot Ballroom
1.3%
11Oceans
1%
12African Cats
0.5%

You're not logged in!

Compare scores with friends on all Sporcle quizzes.
OR
Log In

Sporcle TV

Today on Sporcle TV


Watch our educational content, quiz creation guides, and fun videos on Sporcle TV.

Show Comments

Extras

Top Quizzes Today


Score Distribution

Your Account Isn't Verified!

In order to create a playlist on Sporcle, you need to verify the email address you used during registration. Go to your Sporcle Settings to finish the process.

Report this User

Report this user for behavior that violates our Community Guidelines.

Details: